International literary market place. (Record no. 1205)

MARC details
000 -LEADER
fixed length control field 02886cas a2200697 4500
001 - CONTROL NUMBER
control field 11733845
003 - CONTROL NUMBER IDENTIFIER
control field OSt
005 - DATE AND TIME OF LATEST TRANSACTION
control field 20230619103332.0
008 - FIXED-LENGTH DATA ELEMENTS--GENERAL INFORMATION
fixed length control field 931106c19729999nyuar r 0 a0eng c
010 ## - LIBRARY OF CONGRESS CONTROL NUMBER
LC control number 97651335
Canceled/invalid LC control number sc 80001423
016 7# - NATIONAL BIBLIOGRAPHIC AGENCY CONTROL NUMBER
Record control number 1303504
Source DNLM
016 7# - NATIONAL BIBLIOGRAPHIC AGENCY CONTROL NUMBER
Record control number I28500000
Canceled/invalid record control number I05470000
Source DNLM
022 0# - INTERNATIONAL STANDARD SERIAL NUMBER
International Standard Serial Number 0074-6827
ISSN-L 0074-6827
Source 1
035 ## - SYSTEM CONTROL NUMBER
System control number (OCoLC)ocm01776268
037 ## - SOURCE OF ACQUISITION
Source of stock number/acquisition R.R. Bowker, 1180 Ave. of the Americas, New York, NY 10036
040 ## - CATALOGING SOURCE
Original cataloging agency MUL
Language of cataloging eng
Transcribing agency MUL
Modifying agency NSD
-- COO
-- YUS
-- OCL
-- NYG
-- DLC
-- OCL
-- NST
-- NSD
-- RCS
-- OCL
-- NST
-- DLC
-- NST
-- OCL
-- NST
-- HUL
-- NST
-- HUL
-- NSD
-- HUL
-- NST
-- MYG
-- DLC
-- NSD
-- DLC
-- HUL
-- DLC
-- SYS
-- HUL
-- GUA
-- NLM
-- OCLCQ
-- NLGGC
-- LVB
-- DLC
-- VVW
-- OCLCQ
-- OCLCF
-- OCLCO
-- BDX
-- OCLCQ
-- OCLCO
-- AU@
-- OG#
-- WCM
-- OKN
-- CNUTO
-- CSB
-- OCLCQ
-- OCLCA
-- GILDS
-- DLC
-- IUL
042 ## - AUTHENTICATION CODE
Authentication code pcc
-- nsdp
050 00 - LIBRARY OF CONGRESS CALL NUMBER
Classification number Z291.5
Item number .I5
050 14 - LIBRARY OF CONGRESS CALL NUMBER
Classification number Q070.5 I
060 00 - NATIONAL LIBRARY OF MEDICINE CALL NUMBER
Classification number Z 282
Item number I63
082 10 - DEWEY DECIMAL CLASSIFICATION NUMBER
Classification number 070
Edition number 11
Item number ILMP
210 0# - ABBREVIATED TITLE
Abbreviated title Int. lit. marketpl.
222 #0 - KEY TITLE
Key title International literary market place
245 00 - TITLE STATEMENT
Title International literary market place.
246 13 - VARYING FORM OF TITLE
Title proper/short title ILMP
Date or sequential designation <1983->
260 ## - PUBLICATION, DISTRIBUTION, ETC. (IMPRINT)
Place of publication, distribution, etc. Medford, NJ,
Name of publisher, distributor, etc. Information Today, Inc.
300 ## - PHYSICAL DESCRIPTION
Extent volumes
Dimensions 28 cm
310 ## - CURRENT PUBLICATION FREQUENCY
Current publication frequency Annual
336 ## - CONTENT TYPE
Content type term text
Content type code txt
Source rdacontent
337 ## - MEDIA TYPE
Media type term unmediated
Media type code n
Source rdamedia
338 ## - CARRIER TYPE
Carrier type term volume
Carrier type code nc
Source rdacarrier
362 0# - DATES OF PUBLICATION AND/OR SEQUENTIAL DESIGNATION
Dates of publication and/or sequential designation 1971/72-
500 ## - GENERAL NOTE
General note Published: New York, Bowker, 1972-
520 ## - SUMMARY, ETC.
Summary, etc. "Publishers in 160 countries, major booksellers, and libraries ..."
530 ## - ADDITIONAL PHYSICAL FORM AVAILABLE NOTE
Additional physical form available note Also issued on CD-ROM in: Literary market place on disc.
580 ## - LINKING ENTRY COMPLEXITY NOTE
Linking entry complexity note Also available as part of CD-ROM: Library reference plus.
588 1# - SOURCE OF DESCRIPTION NOTE
Source of description note 1997.
650 #0 - SUBJECT ADDED ENTRY--TOPICAL TERM
Topical term or geographic name as entry element Publishers and publishing
Form subdivision Directories.
650 #6 - SUBJECT ADDED ENTRY--TOPICAL TERM
Topical term or geographic name as entry element Livres
General subdivision Industrie
Form subdivision Répertoires.
650 #6 - SUBJECT ADDED ENTRY--TOPICAL TERM
Topical term or geographic name as entry element Édition
Form subdivision Répertoires.
650 #7 - SUBJECT ADDED ENTRY--TOPICAL TERM
Topical term or geographic name as entry element Publishers and publishing.
Source of heading or term fast
Authority record control number (OCoLC)fst01083463
650 17 - SUBJECT ADDED ENTRY--TOPICAL TERM
Topical term or geographic name as entry element Uitgeverijen.
Source of heading or term gtt
650 17 - SUBJECT ADDED ENTRY--TOPICAL TERM
Topical term or geographic name as entry element Boekhandel.
Source of heading or term gtt
650 17 - SUBJECT ADDED ENTRY--TOPICAL TERM
Topical term or geographic name as entry element Boekwezen.
Source of heading or term gtt
650 #2 - SUBJECT ADDED ENTRY--TOPICAL TERM
Topical term or geographic name as entry element Publishing.
655 #4 - INDEX TERM--GENRE/FORM
Genre/form data or focus term Reference sources.
655 #7 - INDEX TERM--GENRE/FORM
Genre/form data or focus term Directories.
Source of term fast
Authority record control number (OCoLC)fst01423796
655 #7 - INDEX TERM--GENRE/FORM
Genre/form data or focus term Directories.
Source of term lcgft
655 #2 - INDEX TERM--GENRE/FORM
Genre/form data or focus term Directory.
710 2# - ADDED ENTRY--CORPORATE NAME
Corporate name or jurisdiction name as entry element R.R. Bowker Company.
776 1# - ADDITIONAL PHYSICAL FORM ENTRY
Title Literary market place on disc
Record control number (DLC) 2007202932
-- (OCoLC)40464738
776 08 - ADDITIONAL PHYSICAL FORM ENTRY
Relationship information Online version:
Title International literary market place
Record control number (OCoLC)760544452
780 00 - PRECEDING ENTRY
Title International literary market place. European edition
International Standard Serial Number 0538-8562
Record control number (DLC) 65028326
-- (OCoLC)988612
787 1# - OTHER RELATIONSHIP ENTRY
Title Library reference plus
International Standard Serial Number 1067-8166
Record control number (DLC) 93660518
-- (OCoLC)27313012
906 ## - LOCAL DATA ELEMENT F, LDF (RLIN)
a 7
b cbc
c serials
d u
e ncip
f 19
g n-oclcserc
942 ## - ADDED ENTRY ELEMENTS (KOHA)
Source of classification or shelving scheme Dewey Decimal Classification
Koha item type Books
Holdings
Withdrawn status Lost status Source of classification or shelving scheme Damaged status Not for loan Home library Current library Date acquired Total Checkouts Full call number Barcode Date last seen Price effective from Koha item type
    Dewey Decimal Classification     County Hall Archives County Hall Archives 06/19/2023   070 ILMP 10006718 06/19/2023 06/19/2023 Books
LIBRARY OPENING HOURS

When the Parliament is sitting: 8.00a.m - 7.00p.m or until the house adjourns
Mondays and Fridays and when the House is on Recess:  8.00a.m - 5.00p.m
Closed on Weekends and Public Holidays

Online Public Access Catalog (OPAC)
Website: http://www.parliament.go.ke
Bunge Library: https://libraryir.parliament.go.ke
Contact: library@parliament.go.ke | Tel no: (254-2)2221291 or 2848000 Ext 5043